Billboard's Greatest Pop Stars of the 21st Century - Statistics

General Stats
  • This quiz has been taken 117 times
  • The average score is 27 of 50
Answer Stats
Rank Artist % Correct
2 Taylor Swift
99%
1 Beyoncé
97%
5 Lady Gaga
86%
8 Justin Bieber
83%
3 Rihanna
80%
9 Ariana Grande
78%
4 Drake
76%
25 Katy Perry
76%
10 Adele
74%
20 Bruno Mars
74%
13 Nicki Minaj
74%
6 Britney Spears
72%
12 Eminem
70%
14 Justin Timberlake
69%
18 The Weeknd
69%
Honorable Mention Billie Eilish
68%
7 Kanye West
68%
24 Ed Sheeran
67%
16 Jay-Z
64%
Honorable Mention Olivia Rodrigo
62%
Honorable Mention Dua Lipa
61%
15 Miley Cyrus
61%
Honorable Mention Christina Aguilera
56%
Honorable Mention Kendrick Lamar
56%
Honorable Mention Cardi B
55%
22 One Direction
52%
Honorable Mention 50 Cent
51%
Honorable Mention P!nk
48%
17 Shakira
48%
11 Usher
46%
Honorable Mention Maroon 5
43%
23 Bad Bunny
41%
Honorable Mention Jennifer Lopez
40%
Honorable Mention SZA
39%
Honorable Mention Kelly Clarkson
38%
19 BTS
37%
Honorable Mention Kesha
37%
Honorable Mention Doja Cat
36%
Honorable Mention Lana Del Rey
36%
Honorable Mention Alicia Keys
34%
Honorable Mention Megan Thee Stallion
33%
21 Lil Wayne
32%
Honorable Mention Chris Brown
31%
Honorable Mention Post Malone
31%
Honorable Mention Lorde
25%
Honorable Mention Carrie Underwood
21%
Honorable Mention Missy Elliott
21%
Honorable Mention Future
18%
Honorable Mention Nelly
18%
Honorable Mention Sean Paul
10%
No matching quizzes found
Score Distribution
Percent of People with Each Score
Percentile by Number Answered
Your Score History
You have not taken this quiz